000
00330nam a22001337a 4500
008
250506b |||||||| |||| 00| 0 eng d
020
_a
0155034723
050
_a
N7430
_b
.H63
100
_a
JACK A. Hobbs.
245
_a
Art in Context
260
_a
San Diego
_b
Harcourt Brace Jovanovich
_c
1991
300
_a
xii, 460 p'
942
_c
BK
999
_c
3317
_d
3317